MONDIALISATIONS (1880-1935) - P1C1 - I - Statistiques

Statistiques générales
  • Ce quiz a été pris 33 fois
  • Le résultat moyen est 26 sur 41
Statistiques - réponses
Question Réponse % Correct
Multiplication de la longueur des bateaux entre 1850 et 1914 (par ...) 3
90%
Principaux ports de la Méditerranée au XIXe siècle Trieste, Marseille, Alexandrie, Barcelone
90%
Longueur du réseau mondial de chemin de fer en 1914 (km)... 1 000 000 + km
80%
... dont combien en Europe 350 000 km
80%
Progression moyenne du chantier du transsibérien (km/j) 3 km/j
80%
Division du coût du fret entre 1800 et 1914 (par ...) 7
80%
Part du transport maritime assuré par bateaux à vapeur au XIXe siècle (%) 90
80%
Principaux ports de la mer du Nord au XIXe siècle Anvers, Londres, Rotterdam
80%
Principaux ports d'Inde au XIXe siècle Bombay, Calcutta
80%
Principaux ports d'Asie orientale au XIXe siècle Hong Kong, Shanghaï, Yokohama, Canton
80%
Le Canal de ... a été fini en ... (Nom année) Suez 1869
80%
Division du coût du transport terrestre entre 1850 et 1914 (par ...) 10
70%
Date de la première liaison ferroviaire transcontinentale aux États-Unis 10 mai 1869 (à Promontory Point)
70%
Date de l'adoption de fuseaux horaires aux États-Unis 1883
70%
... dont combien en Russie 70 000 km
70%
Exemple de spécialisation de navires à l'époque Frigorifiques, pétroliers, paquebots
70%
Sa formule célèbre "La Russie n'est pas la Chine"
70%
Le Canal de ... a été fini en ... (Nom année) Panama 1914
70%
Grand promoteur du transsibérien Sergei Witte (Ministre des Finances russe)
70%
Exemple d'industrie lourde s'implantant dans les ports Sidérurgie, rail, pétrochimie, chimie
70%
Ligne prolongeant le transsibérien en Chine Transmandchourien, sudmandchourien
70%
Temps pour faire Vladivostok-Paris grâce au transsibérien 15 j
60%
Date d'invention de la locomotive 1814
60%
Date de la première ligne de train 1825
60%
Date de la première ligne commerciale de train 1830
60%
Date d'invention du téléphone 1876 (Bell et Fray)
60%
... dont combien aux États-Unis 300 000 km
60%
En 1909, le Mauretania traverse l'atlantique en ... 4 j
60%
Image de Venayre pour parler du développement inégal du train en Europe "Europe du cheval de trait" et "Europe du cheval de fer"
60%
Villes reliées par cette dernière Liverpool-Manchester
60%
Nombre de transmissions télégraphiques dans le monde en 1880 121 000 000
50%
Date de la première ligne télégraphique en Angleterre 1838
50%
Date de la pose du premier câble transatlantique 1858
50%
Date de la première transmission sans fil 1896
50%
Date de la pose du premier câble transpacifique 1902
50%
Longueur du réseau mondial de chemin de fer en 1850 (km) 35 000 km
50%
Date de l'ouverture de la première partie de la ligne transsibérienne 1888
40%
Nombre de transmissions télégraphiques dans le monde en 1868 29 000 000
40%
Nombre de transmissions télégraphiques dans le monde en 1900 329 000 000
40%
Le Canal de ... a été fini en ... (Nom année) Corinthe 1893
40%
Le Canal de ... a été fini en ... (Nom année) Kiel 1875
40%
Aucun quiz correspondant
Distribution des résultats
% des personnes avec chaque résultat
Percentile par nombre de réponses
Votre historique - résultats
Vous n’avez pas pris ce quiz